MARC details
| 000 -LEADER |
| fixed length control field |
01656nam a22004217a 4500 |
| 001 - CONTROL NUMBER |
| control field |
34027 |
| 003 - CONTROL NUMBER IDENTIFIER |
| rucl marc code |
BD-RjUL |
| 005 - DATE AND TIME OF LATEST TRANSACTION |
| control field |
20211209052109.0 |
| 008 - FIXED-LENGTH DATA ELEMENTS--GENERAL INFORMATION |
| fixed length control field |
140512m19971996ii a b 001 0 eng |
| 020 ## - INTERNATIONAL STANDARD BOOK NUMBER |
| International Standard Book Number |
8170365252 (India-hb, v.2) |
| Terms of availability |
: IRs. 265.00 |
|
| International Standard Book Number |
8170365260 (India-pb, v.2) |
|
| International Standard Book Number |
8170365430 (Hb India, v-3) |
| Terms of availability |
: IRs.325.00 |
|
| International Standard Book Number |
8170365449 (Pb India, v-3) |
|
| International Standard Book Number |
8170366054 (Hb India) |
|
| International Standard Book Number |
8170366062 (Pb-India) |
| 035 ## - SYSTEM CONTROL NUMBER |
| System control number |
(BD-RjUL)34121 |
| 040 ## - CATALOGING SOURCE |
| Original cataloging agency |
DLC |
| Transcribing agency |
DLC |
| Modifying agency |
DLC |
| -- |
BD-RjUL |
| Language of cataloging |
eng |
| 041 ## - LANGUAGE CODE |
| Language code of text/sound track or separate title |
eng |
| 082 00 - DEWEY DECIMAL CLASSIFICATION NUMBER |
| Classification number |
305.50954 |
| Edition number |
23 |
| Author mark and year |
SOC 1996 - 1997 |
| 245 00 - TITLE STATEMENT |
| Title |
Social structure and change / |
| Statement of responsibility, etc. |
editors, A.M. Shah, B.S. Baviskar, E.A. Ramaswamy. |
| 260 ## - PUBLICATION, DISTRIBUTION, ETC. (IMPRINT) |
| Place of publication, distribution, etc. |
New Delhi : |
| Name of publisher, distributor, etc. |
Sage Publications, |
| Date of publication, distribution, etc. |
1996-1997 |
| 300 ## - PHYSICAL DESCRIPTION |
| Pagination |
v. : |
| Illustrations |
ill. ; |
| Size |
23 cm. |
| 500 ## - GENERAL NOTE |
| General note |
" In honour of M. N. Srinivas" --p. following t. p. |
| 504 ## - BIBLIOGRAPHY, ETC. NOTE |
| Bibliography, etc |
Includes bibliographical references and index. |
| 505 0# - FORMATTED CONTENTS NOTE |
| Formatted contents note |
Vol. 2, Women in Indian society -- v. 3, Complex organizations and urban communities -- v. 4, Development and Ethnicity -- |
| 650 #0 - SUBJECT ADDED ENTRY--TOPICAL TERM |
| Topical term or geographic name as entry element |
Sociology |
| 9 (RLIN) |
103421 |
| Geographic subdivision |
India |
|
| Topical term or geographic name as entry element |
Sex role |
| Geographic subdivision |
India |
| 9 (RLIN) |
220748 |
|
| Topical term or geographic name as entry element |
Women |
| Geographic subdivision |
India |
| General subdivision |
Social Conditions |
| 9 (RLIN) |
220749 |
|
| Topical term or geographic name as entry element |
Social Classes |
| Geographic subdivision |
India |
| 9 (RLIN) |
220750 |
|
| Topical term or geographic name as entry element |
Complex Organizations |
| Geographic subdivision |
India |
| 9 (RLIN) |
220751 |
|
| Topical term or geographic name as entry element |
Sociology, Urban |
| Geographic subdivision |
India |
| 9 (RLIN) |
220752 |
| 651 #0 - SUBJECT ADDED ENTRY--GEOGRAPHIC NAME |
| Geographic name |
India |
| General subdivision |
Social conditions. |
| 9 (RLIN) |
103424 |
| Chronological subdivision |
1947- |
| 700 1# - ADDED ENTRY--PERSONAL NAME |
| Personal name |
Srinivas, Mysore Narasimhachar. |
|
| Personal name |
Shah, A. M., |
| Dates associated with a name |
1931- , ed. |
|
| Personal name |
Baviskar, B. S. |
| Fuller form of name |
(Baburao Shravan), |
| Dates associated with a name |
1931- , jt. ed. |
|
| Personal name |
Ramaswamy, E. A. , jt. ed. |
| 942 ## - ADDED ENTRY ELEMENTS (KOHA) |
| Source of classification or shelving scheme |
Dewey Decimal Classification |
| Koha item type |
Books |